000 00902nam a2200325 a 4500
003 AR-BaBNM
005 20251128203637.0
008 082120s2002 ||||||||||||||000 | spa||
040 _cAR-BaBNM
100 1 _aMedina, Guillermo A.
245 0 0 _aVasco de Quiroga
_beducador de adultos
250 _a1ª ed.
260 _aMéxico, D.F.
_bCrefal
_bColmich
_c1984
300 _a194 p.
490 0 _aRetablo de papel
_vv. 11
504 _aBibliografía p. 181-194
650 4 _aEDUCACION DE ADULTOS
650 4 _aEDUCADORES DE ADULTOS
650 4 _aSOCIALIZACION
650 4 _aPERFIL PROFESIONAL DEL DOCENTE
650 4 _aBIOGRAFIAS
650 4 _aHUMANISMO
653 _aEDUCACION POPULAR
700 1 _aHerrejón P., Carlos
700 1 _aLópez L., Ramón
700 1 _aMiranda, Francisco de
_ecompilador
700 1 _aBriseño, Gabriela
_ecompilador
942 _cBK
998 _cCarmen
999 _c4300
_d4300